00379nam a2200133 a 450000500170000000800410001702000180005805000220007610000190009824500670011726000310018430000090021565000210022420140412111326.0110128s19uu xx 00 eng d a0-917846-53-2 aM 021.7bT43 1997 aTedeschi, Anne aBook Displays :bA Library exhibits handbook /cAnne Tedeschi. aU.S.A :bHighsmith,c1997. a77p. aLibrary exhibits